000 01110nam a22004090a 4500
001 PT49518
003 AR-LpoUNG
005 20210131231306.0
008 191001s2012||||ag |||||||||||||||||spa d
020 _a9789876292290
_c$12
040 _aAR-LpoUNG
_bspa
_cAR-LpoUNG
_eaacr
041 _aspa
044 _aag
082 0 _a982.063 249rev
100 1 _aTcach, César
245 1 0 _aDe la Revolución Libertadora al Cordobazo :
_bCórdoba, el rostro anticipado del país
250 _a1ª ed.
260 _aBuenos Aires :
_bSiglo Veintiuno,
_c2012.
300 _a261 p. :
_bfot.
650 4 _aANALISIS HISTORICO
650 4 _aARGENTINA
650 4 _aCOMPORTAMIENTO POLITICO
650 4 _aCONFLICTOS SOCIALES
650 4 _aFUERZAS ARMADAS
650 4 _aGOLPES DE ESTADO
650 4 _aHISTORIA POLITICA
650 4 _aIDEOLOGIAS POLITICAS
650 4 _aPARTICIPACION POLITICA
650 4 _aPARTICIPACION SOCIAL
650 4 _aPARTIDOS POLITICOS
650 4 _aREVOLUCION
651 4 _aArgentina
653 _aPERONISMO
653 _aRADICALISMO
905 _a49518
942 _cLIB
999 _c9191
_d9191